|
|
|
|
| LEADER |
00000cam a2200000 7i4500 |
| 001 |
0000001656 |
| 005 |
20011001.0 |
| 020 |
0 |
0 |
|a 9839827146
|
| 090 |
0 |
0 |
|a 351.595
|b PER 2001
|
| 245 |
0 |
0 |
|a PERKHIDMATAN awam Malaysia : memperkukuh agenda pembaharuan :
|b {Laporan pembaharuan dan kemajuan dalam perkhidmatan awam tahun 2000}
|
| 260 |
0 |
0 |
|a Putrajaya :
|b MAMPU ,
|c 2001
|
| 300 |
|
|
|a xix, 252 p. :
|b ill. ;
|c 21 cm.
|
| 650 |
0 |
0 |
|a Civil service
|z Malaysia
|
| 650 |
0 |
0 |
|a Information and communication technology
|z Malaysia
|
| 650 |
0 |
0 |
|a Personnel management
|z Malaysia
|
| 650 |
0 |
0 |
|a Total quality management in government
|z Malaysia
|
| 710 |
1 |
1 |
|a Malaysia ,
|c Jabatan Perdana Menteri, Unit Pemodenan Tadbiran dan Perancangan Pengurusan Malaysia (MAMPU)
|
| 998 |
|
|
|a JPSM
|
| 999 |
|
|
|a 0000002687
|b Monograph
|c Open Shelf
|e Default branch
|
| 999 |
|
|
|a 0000003634
|b Monograph
|c Open Shelf
|e Default branch
|